Catálogo público

Anatomía de los animales domésticos (Record no. 10946)

MARC details
000 -CABECERA
campo de control de longitud fija 01468nam a22003737a 4500
003 - IDENTIFICADOR DEL NÚMERO DE CONTROL
campo de control CHAP
005 - FECHA Y HORA DE LA ÚLTIMA TRANSACCIÓN
campo de control 20220329133805.0
008 - DATOS DE LONGITUD FIJA--INFORMACIÓN GENERAL
campo de control de longitud fija 120910s1982 a r 00010 spa d
010 ## - NÚMERO DE CONTROL DE LA BIBLIOTECA DEL CONGRESO
Número de control de LC 10946
011 ## - ENLACE DEL NUMERO DE CONTROL DE LA BIBLIOTECA DEL CONGRESO [OBSOLETO]
Número de control de LC 11918
020 ## - NÚMERO INTERNACIONAL ESTÁNDAR DEL LIBRO
Número Internacional Estándar del Libro 978-84-458-0721-7 (obra completa)
020 ## - NÚMERO INTERNACIONAL ESTÁNDAR DEL LIBRO
Número Internacional Estándar del Libro 978-84-458-0723-1 (v.2)
020 ## - NÚMERO INTERNACIONAL ESTÁNDAR DEL LIBRO
Número Internacional Estándar del Libro 9788445807224 (v.1)
035 ## - NÚMERO DE CONTROL DEL SISTEMA
Número de control de sistema 12027
040 ## - FUENTE DE LA CATALOGACIÓN
Centro/agencia transcriptor CHAP
082 04 - NÚMERO DE LA CLASIFICACIÓN DECIMAL DEWEY
Número de clasificación 636.0891
Número de documento/Ítem S58 1982
100 00 - ENTRADA PRINCIPAL--NOMBRE DE PERSONA
Nombre de persona Sisson, Septimus.
9 (RLIN) 106700
245 10 - MENCIÓN DE TÍTULO
Título Anatomía de los animales domésticos
Mención de responsabilidad, etc. /por Septimus Sisson y James Daniels Grossman, Robert Getty
250 ## - MENCIÓN DE EDICIÓN
Mención de edición 5 ed.
260 ## - PUBLICACIÓN, DISTRIBUCIÓN, ETC.
Lugar de publicación, distribución, etc. España :
Nombre del editor, distribuidor, etc. Elsevier,
Fecha de publicación, distribución, etc. 1982
300 ## - DESCRIPCIÓN FÍSICA
Extensión 2 v.
590 ## - NOTA LOCAL (RLIN)
Nota local BATCH-UPD
Procedencia (VM) [OBSOLETO] 10
Condición del los carretes individuales (VM) [OBSOLETO] 20130109
-- UCH01
-- 2359
590 ## - NOTA LOCAL (RLIN)
Nota local BATCH-UPD
Procedencia (VM) [OBSOLETO] 10
Condición del los carretes individuales (VM) [OBSOLETO] 20130110
-- UCH01
-- 0942
590 ## - NOTA LOCAL (RLIN)
Nota local BATCH-UPD
Procedencia (VM) [OBSOLETO] 10
Condición del los carretes individuales (VM) [OBSOLETO] 20130410
-- UCH01
-- 0558
590 ## - NOTA LOCAL (RLIN)
Nota local BATCH-UPD
Procedencia (VM) [OBSOLETO] 10
Condición del los carretes individuales (VM) [OBSOLETO] 20130914
-- UCH01
-- 0337
590 ## - NOTA LOCAL (RLIN)
Nota local CONVERSION
Procedencia (VM) [OBSOLETO] 10
Condición del los carretes individuales (VM) [OBSOLETO] 20130109
-- UCH01
-- 1307
650 04 - PUNTO DE ACCESO ADICIONAL DE MATERIA--TÉRMINO DE MATERIA
Término de materia o nombre geográfico como elemento de entrada Animales domésticos
Subdivisión general Anatomía y fisiología.
9 (RLIN) 5892
700 0# - PUNTO DE ACCESO ADICIONAL--NOMBRE DE PERSONA
Nombre de persona Getty, Robert.
9 (RLIN) 47809
700 0# - PUNTO DE ACCESO ADICIONAL--NOMBRE DE PERSONA
Nombre de persona Grossman, James Daniels.
9 (RLIN) 50811
901 ## - ELEMENTOS DE DATOS A LOCAL LDA (RLIN)
a BK
942 ## - ELEMENTOS DE PUNTO DE ACCESO ADICIONAL (KOHA)
Tipo de ítem Koha Libro
949 ## - PROCESAMIENTO DE INFORMACIÓN LOCAL (OCLC)
a 636.0891 S58 1982 v.1
b BC
c LIBRO
d 33724002344280
e LIBRO
g SustituciØn
h 24393 sust.
i 12027
m Este ejemplar sustituye la copia primera de la misma obra, 4 ediciØn
s i
949 ## - PROCESAMIENTO DE INFORMACIÓN LOCAL (OCLC)
a 636.0891 S58 1982 v.2
b BC
c LIBRO
d 33724002344298
e LIBRO
g SustituciØn
h 117351 sust.
i 12027
m Este ejemplar sustituye la copia primera de la misma obra, 4 ediciØn
s i
Holdings
Estado de retiro Estado de pérdida Fuente del sistema de clasificación o colocación Estado dañado Restricciones de uso No para préstamo Código de colección Localización permanente Ubicación/localización actual Ubicación en estantería Fecha de adquisición Fuente de adquisición Total de préstamos Renovaciones totales Signatura topográfica completa Código de barras Fecha visto por última vez Fecha del último préstamo Precio válido a partir de Tipo de ítem Koha Información codificada de la localización en otra ubicación
    Dewey Decimal Classification   Préstamo 15 días   General Biblioteca Central Biblioteca Central Planta principal - Colección General 31/12/2019 Sustitucion 8 7 636.0891 S58 1982 v.1 33724002568561 24/11/2025 12/11/2025 31/12/2019 Libro  
    Dewey Decimal Classification   Préstamo 15 días   General Biblioteca Central Biblioteca Central Planta principal - Colección General 31/12/2019 Sustitucion 7 7 636.0891 S58 1982 v.2 33724002344298 29/11/2024 14/11/2024 31/12/2019 Libro LIBRO